[Event "Campeonato de Aragon por Equipos - Division de Honor"]
[Site ""]
[Date "2022.02.12"]
[Round "3.5"]
[White "Hinojar Basa, Alfonso"]
[Black "Garza Marco, Sergio"]
[Result "0-1"]
[WhiteElo "2125"]
[BlackElo "2396"]
[PlyCount "0"]
[WhiteTeam "Marcos Frechin"]
[BlackTeam "Helios"]
[EventDate "2022.01.29"]

1. e4 d6 2. d4 Nf6 3. Nc3 e5 4. Nf3 exd4 5. Nxd4 Be7 6. Bc4 O-O 7. O-O Re8 8.
Re1 c6 9. Bf1 Bf8 10. h3 Nbd7 11. g3 a5 12. a4 Nc5 13. Bg2 Qb6 14. b3 g6 15.
Bb2 Bg7 16. Qd2 Bd7 17. Rad1 Rad8 18. g4 Bc8 19. Kh1 h6 20. f4 Rd7 21. Re3 Rde7
22. Rde1 Qb4 23. e5 dxe5 24. Rxe5 Rxe5 25. fxe5 Nfd7 26. Nf3 Nf8 27. Nb1 Qxd2
28. Nbxd2 Be6 29. Nd4 Bd5 30. Bxd5 cxd5 31. N2f3 Rc8 32. Nb5 Nfe6 33. Nd6 Rc6
34. Ne8 Na6 35. Re2 Nb4 36. Ne1 d4 37. Nxg7 Kxg7 38. Rd2 Rc5 39. Bxd4 Nxd4 40.
Rxd4 Rxe5 41. Nd3 Nxc2 42. Rd7 Re3 43. Kh2 b6 44. h4 Re4 45. Kg3 Rd4 46. Ne5
Kf6 47. Rxd4 Nxd4 48. Nd7+ Ke6 49. Nxb6 Nxb3 50. Kf4 f6 51. h5 g5+ 52. Ke4 Nc5+
53. Kd4 Nb7 54. Nc4 f5 55. Ne3 Nd6 56. Kc5 f4 57. Nd1 Ke5 58. Kb6 Nc4+ 59. Kb5
Kd4 60. Nf2 f3 61. Nh3 Nb2 62. Nxg5 0-1

[Event "Campeonato de Aragon por Equipos - Division de Honor"]
[Site ""]
[Date "2022.02.12"]
[Round "3.6"]
[White "Eizaguerri Floris, Maria"]
[Black "Portero Garnica, Miguel Angel"]
[Result "1-0"]
[WhiteElo "2215"]
[BlackElo "2088"]
[PlyCount "0"]
[WhiteTeam "Helios"]
[BlackTeam "Marcos Frechin"]
[EventDate "2022.01.29"]

1. e4 e5 2. Nf3 Nc6 3. Bb5 a6 4. Ba4 Nf6 5. O-O Nxe4 6. d4 b5 7. Bb3 d5 8. dxe5
Be6 9. Nbd2 Nc5 10. c3 d4 11. Bxe6 Nxe6 12. cxd4 Ncxd4 13. a4 Rb8 14. axb5 axb5
15. Nxd4 Qxd4 16. Qf3 Bb4 17. Nb3 Qc4 18. Bd2 Bxd2 19. Nxd2 Qc2 20. Ne4 Rd8 21.
b4 O-O 22. Rae1 Rd4 23. Re2 Qc4 24. Re3 Qxb4 25. Qf5 g6 26. Nf6+ Kg7 27. Qf3
Rf4 28. Qg3 Rf5 29. Re4 Qc5 30. Qh4 Ng5 31. Rg4 Rxf6 32. exf6+ Kxf6 33. Kh1 1-0

[Event "Campeonato de Aragon por Equipos - Division de Honor"]
[Site ""]
[Date "2022.02.12"]
[Round "3.7"]
[White "Miranda Herrera, Jorge Manuel"]
[Black "Navarro Alonso, Jorge"]
[Result "1-0"]
[WhiteElo "2051"]
[BlackElo "2199"]
[PlyCount "0"]
[WhiteTeam "Marcos Frechin"]
[BlackTeam "Helios"]
[EventDate "2022.01.29"]


1. e4 c5 2. c3 e6 3. d4 d5 4. exd5 exd5 5. Nf3 Bd6 6. Bb5+ Nc6 7. O-O Nge7 8.
dxc5 Bxc5 9. Nbd2 O-O 10. Nb3 Bd6 11. h3 Bf5 12. Nbd4 Bg6 13. Re1 h6 14. Bd3
Qd7 15. Nh4 Nxd4 16. Bxg6 fxg6 17. Qxd4 g5 18. Nf3 Rxf3 19. gxf3 Qxh3 20. Qg4
Qh2+ 21. Kf1 Rf8 22. Qe6+ Kh7 23. Ke2 Rf6 24. Qe3 Ng6 25. Qd3 g4 26. Be3 Rxf3
27. Rg1 Bf4 28. Rh1 Qg2 29. Rag1 Rxe3+ 30. Qxe3 Qxg1 31. Rxg1 Bxe3 32. Kxe3 h5
33. Rd1 Kh6 34. Rxd5 h4 35. c4 h3 36. Ke4 Nh4 37. Kf4 h2 38. Rd1 Nf3 39. Rh1
Kh5 40. Kg3 Kg5 41. c5 Nd2 42. Kxh2 Ne4 43. Kg2 Nxc5 44. Rc1 b6 45. b4 Ne6 46.
Kg3 Nf4 47. Rc7 Ne2+ 48. Kg2 a5 49. bxa5 bxa5 50. Rxg7+ Kf5 51. Ra7 Nf4+ 52.
Kf1 1-0

[Event "Campeonato de Aragon por Equipos - Division de Honor"]
[Site ""]
[Date "2022.02.12"]
[Round "3.8"]
[White "Cerrajeria Ruiz, Jesus Maria"]
[Black "Moya Gimeno, Raul"]
[Result "0-1"]
[WhiteElo "2065"]
[BlackElo "1877"]
[PlyCount "0"]
[WhiteTeam "Helios"]
[BlackTeam "Marcos Frechin"]
[EventDate "2022.01.29"]

1. Nf3 Nf6 2. g3 g6 3. c4 d6 4. Bg2 Bg7 5. O-O O-O 6. d3 Nc6 7. Nc3 e5 8. Rb1
Nh5 9. b4 f5 10. b5 Ne7 11. Qb3 Kh8 12. a4 Rb8 13. Ne1 f4 14. Ba3 Be6 15. Qb4
b6 16. Nf3 h6 17. Nd2 Qc8 18. Nd5 Nxd5 19. cxd5 Bh3 20. Rbc1 Bxg2 21. Kxg2 Rf7
22. Ne4 f3+ 23. exf3 Qf5 24. Nd2 Qxd3 25. Rfd1 Rbf8 26. Rc3 Qxd5 27. Qc4 Qxc4
28. Rxc4 Rd8 29. Rdc1 Rdd7 30. Rc6 Nf6 31. Bb2 h5 32. Ne4 Bh6 33. f4 Nxe4 34.
Re1 Nf6 35. fxe5 dxe5 36. Rxe5 Bg7 37. Ree6 Ng4 38. Bxg7+ Kxg7 39. Rxg6+ Kf8
40. f4 Rd2+ 41. Kf3 Re7 42. Rge6 Rf2+ 43. Ke4 Re2+ 44. Kd5 R2xe6 45. Rxe6 Rxe6
46. Kxe6 Nxh2 47. Kd7 Nf1 48. Kxc7 Nxg3 49. Kb7 h4 50. Kxa7 h3 51. a5 Nf5 52.
a6 h2 53. Kb8 h1=Q 54. a7 Ke7 55. a8=Q Qxa8+ 56. Kxa8 Kd6 0-1

[Event "Campeonato de Aragon por Equipos - Division de Honor"]
[Site ""]
[Date "2022.02.12"]
[Round "3.9"]
[White "Ruperez Benito, Antonio"]
[Black "Llanes Luno, Ricardo"]
[Result "1-0"]
[WhiteElo "2322"]
[BlackElo "2203"]
[PlyCount "0"]
[WhiteTeam "Palacio De Pioneros A"]
[BlackTeam "Delicias"]
[EventDate "2022.01.29"]

1. e4 c5 2. Nf3 e6 3. b3 Nf6 4. e5 Nd5 5. Bb2 Nc6 6. c4 Nf4 7. g3 Ng6 8. h4 d6
9. exd6 Bxd6 10. Bxg7 Rg8 11. Bb2 b6 12. Bg2 Bb7 13. Kf1 Qc7 14. Nc3 O-O-O 15.
h5 Nge7 16. Ne4 Nf5 17. Nf6 Rg7 18. Nd5 exd5 19. Bh3 d4 20. Bxf5+ Kb8 21. Rh4
Bxg3 22. fxg3 Qxg3 23. Qe2 f6 24. Qh2 Rdg8 25. Be4 Ne5 26. Qxg3 Rxg3 27. Bxb7
Kxb7 28. Nxe5 fxe5 29. Rh2 e4 30. Re1 Rg1+ 31. Ke2 Rxe1+ 32. Kxe1 Rg1+ 33. Ke2
Rb1 34. Ba3 Ra1 35. Rg2 Rxa2 36. Bc1 Ra1 37. Kd1 Kc6 38. Rg7 1-0

[Event "Campeonato de Aragon por Equipos - Division de Honor"]
[Site ""]
[Date "2022.02.12"]
[Round "3.10"]
[White "Llanes Luno, Pedro Alfredo"]
[Black "Romero Pallares, Daniel"]
[Result "1/2-1/2"]
[WhiteElo "2041"]
[BlackElo "2270"]
[PlyCount "0"]
[WhiteTeam "Delicias"]
[BlackTeam "Palacio De Pioneros A"]
[EventDate "2022.01.29"]

1. e4 g6 2. d4 Bg7 3. Nc3 d6 4. h3 a6 5. Be3 b5 6. g4 Bb7 7. Bg2 Nd7 8. Nge2 e6
9. Qd2 Nb6 10. b3 Nf6 11. Ng3 h5 12. g5 Nfd7 13. O-O h4 14. Nge2 c5 15. Rae1
Qc7 16. f4 O-O-O 17. f5 b4 18. fxe6 fxe6 19. Nd1 Rhf8 20. Nf2 a5 21. Nd3 cxd4
22. Nxd4 Bxd4 23. Bxd4 e5 24. Bb2 Nc5 25. Rxf8 Rxf8 26. Nf2 Ne6 27. c3 Qe7 28.
cxb4 axb4 29. Qxb4 Nd7 30. Rd1 Ndc5 31. Qd2 Nxg5 32. b4 Rxf2 33. Qxf2 Ncxe4 34.
Qb6 Kb8 35. a4 Nxh3+ 36. Bxh3 Qg5+ 37. Kf1 Qf4+ 38. Ke2 Qh2+ 39. Kd3 Qxb2 40.
Qd8+ Ka7 41. Qa5+ Kb8 42. Qd8+ Ka7 43. Qa5+ Kb8 44. Qd8+ Ka7 45. Qa5+ 1/2-1/2

[Event "Campeonato de Aragon por Equipos - Division de Honor"]
[Site ""]
[Date "2022.02.12"]
[Round "3.11"]
[White "Lacruz Algarate, Alvaro"]
[Black "Roche Simon, Manuel Angel"]
[Result "1-0"]
[WhiteElo "2097"]
[BlackElo "2027"]
[PlyCount "0"]
[WhiteTeam "Palacio De Pioneros A"]
[BlackTeam "Delicias"]
[EventDate "2022.01.29"]


1. e4 c5 2. Nf3 Nc6 3. Bb5 g6 4. O-O Bg7 5. Bxc6 dxc6 6. h3 e5 7. d3 Qe7 8. Be3
Nf6 9. Nbd2 O-O 10. Nc4 Nd7 11. a4 b6 12. Qd2 Ba6 13. Qc3 h6 14. Rfe1 Kh7 15.
Bd2 Rae8 16. b4 cxb4 17. Qxb4 c5 18. Qc3 Nb8 19. Ne3 Qd6 20. Bc1 Nc6 21. Ba3
Nd4 22. Nd2 Rc8 23. Rab1 Qc6 24. Ndc4 Qxa4 25. Ra1 Qc6 26. Bb2 b5 27. Qa3 bxc4
28. Qxa6 cxd3 29. cxd3 Rfd8 30. Bxd4 Rxd4 31. Qxc6 Rxc6 32. Rxa7 Rxd3 33. Rxf7
c4 34. Rb1 Rd8 35. Rc1 Rdc8 36. Nd5 Kg8 37. Rb7 Bf8 38. Nb6 Ba3 39. Rc3 Rxb6
40. Rxb6 Bc5 41. Rxg6+ Kh7 42. Ra6 Bd4 43. Rc2 c3 44. g4 Rc4 45. Kg2 Kg7 46.
Kf3 Kf7 47. Ke2 Kg7 48. Kd3 Rb4 49. Rc6 Ra4 50. f3 Rb4 51. h4 Rb1 52. R6xc3
Bxc3 53. Rxc3 Rh1 54. h5 Kf6 55. Ke3 1-0

[Event "Campeonato de Aragon por Equipos - Division de Honor"]
[Site ""]
[Date "2022.02.12"]
[Round "3.12"]
[White "Fabre Perez, Jose Maria"]
[Black "Garcia Gonzalez, Omar"]
[Result "1/2-1/2"]
[WhiteElo "2009"]
[BlackElo "2057"]
[PlyCount "0"]
[WhiteTeam "Delicias"]
[BlackTeam "Palacio De Pioneros A"]
[EventDate "2022.01.29"]

1. c4 g6 2. Nc3 Bg7 3. g3 d6 4. Bg2 Nf6 5. d3 O-O 6. Nf3 e5 7. Bg5 h6 8. Bd2
Nh5 9. Qc1 Kh7 10. h3 f5 11. Qc2 Nc6 12. O-O-O Ne7 13. Kb1 c6 14. e4 Nf6 15.
Ka1 a6 16. exf5 gxf5 17. d4 e4 18. Nh2 d5 19. g4 fxg4 20. hxg4 Nxg4 21. Nxe4
Kg8 22. Nxg4 Bxg4 23. f3 Bf5 24. cxd5 cxd5 25. Qb3 Nc6 26. Bc3 b5 27. Ng3 b4
28. Nxf5 Rxf5 29. Bh3 Rf6 30. Be1 Rg6 31. Qc2 Qf6 32. Bf5 Rg5 33. Bh7+ Kh8 34.
Bh4 Nxd4 35. Rxd4 Qxd4 36. Bxg5 hxg5 37. Bf5+ Kg8 38. Be6+ Kf8 39. Rd1 Qf6 40.
Qc5+ Qe7 41. Qxd5 Re8 42. Bd7 Rd8 43. Qf5+ Qf6 44. Qc5+ Qe7 45. Qf5+ Qf6 46.
Qc5+ Qe7 47. Qf5+ 1/2-1/2

[Event "Campeonato de Aragon por Equipos - Division de Honor"]
[Site ""]
[Date "2022.02.12"]
[Round "3.13"]
[White "Adla Martin, Diego"]
[Black "Sancho Casale, Jesus"]
[Result "1-0"]
[WhiteElo "2420"]
[BlackElo "1954"]
[PlyCount "0"]
[WhiteTeam "MyInvestor Casablanca"]
[BlackTeam "Tauste"]
[EventDate "2022.01.29"]

1. e4 e5 2. Nf3 Nc6 3. Bb5 a6 4. Ba4 Nf6 5. O-O Be7 6. Bxc6 dxc6 7. d3 Bd6 8.
d4 Bg4 9. dxe5 Bxf3 10. gxf3 Bxe5 11. f4 Bd4 12. e5 Ne4 13. Qf3 Qd5 14. Kg2
Nxf2 15. c3 Bb6 16. Rxf2 Bxf2 17. Kxf2 f6 18. exf6 gxf6 19. Be3 O-O-O 20. Qxd5
Rxd5 21. Nd2 Rhd8 22. Ne4 f5 23. Ng3 b5 24. Ke2 R8d6 25. h4 Rg6 26. Kf3 a5 27.
h5 Re6 28. a4 Kb7 29. axb5 Rxb5 30. b4 Rd5 31. Rxa5 Rd3 32. Re5 Rf6 33. Rc5 Rd5
34. Bd4 Rh6 35. Rxd5 cxd5 36. Bg7 Kc6 37. Bxh6 1-0

[Event "Campeonato de Aragon por Equipos - Division de Honor"]
[Site ""]
[Date "2022.02.12"]
[Round "3.14"]
[White "Turon Perez, David"]
[Black "Glavina Rossi, Pablo"]
[Result "0-1"]
[WhiteElo "1866"]
[BlackElo "2397"]
[PlyCount "0"]
[WhiteTeam "Tauste"]
[BlackTeam "MyInvestor Casablanca"]
[EventDate "2022.01.29"]

1. e4 e5 2. Nf3 Nc6 3. d4 exd4 4. Bc4 Bc5 5. c3 Nf6 6. O-O Nxe4 7. cxd4 d5 8.
Bb5 Bd6 9. Re1 O-O 10. Nc3 Nxc3 11. bxc3 Bg4 12. h3 Bh5 13. Bd3 Bg6 14. Bg5 Qd7
15. Qc2 Rfe8 16. Bxg6 hxg6 17. Rab1 Na5 18. Ne5 Bxe5 19. dxe5 Nc4 20. Rxb7 Nb6
21. e6 Rxe6 22. Rxe6 Qxe6 23. Rxc7 Qe1+ 24. Kh2 Qe5+ 0-1

[Event "Campeonato de Aragon por Equipos - Division de Honor"]
[Site ""]
[Date "2022.02.12"]
[Round "3.15"]
[White "Vela Frago, Alberto"]
[Black "Muro Turon, Raul"]
[Result "1/2-1/2"]
[WhiteElo "2153"]
[BlackElo "1834"]
[PlyCount "0"]
[WhiteTeam "MyInvestor Casablanca"]
[BlackTeam "Tauste"]
[EventDate "2022.01.29"]

1. c4 e5 2. Nc3 Nc6 3. Nf3 Nf6 4. e4 Bb4 5. d3 h6 6. Be2 O-O 7. O-O d6 8. a3
Bc5 9. b4 Bb6 10. Ne1 Nd4 11. h3 c6 12. Be3 d5 13. Kh1 Nxe2 14. Bxb6 Ng3+ 15.
fxg3 axb6 16. cxd5 cxd5 17. Nf3 d4 18. Ne2 Re8 19. Qd2 Qd6 20. Nh4 Bd7 21. g4
Nh7 22. Ng3 Qe7 23. Nhf5 Qg5 24. Qe2 Be6 25. Rf3 Rxa3 26. Rxa3 Qc1+ 27. Qf1
Qxa3 28. Nh5 Bxf5 29. gxf5 Rc8 30. Qe2 Rc1+ 31. Kh2 Qa1 32. h4 Rh1+ 33. Kg3 Nf6
34. Nxf6+ gxf6 35. Kg4 Kg7 36. Kh5 Qe1 37. Qxe1 Rxe1 38. Rh3 b5 39. Rh2 Rb1 40.
g4 Rxb4 41. g5 hxg5 42. hxg5 fxg5 43. Rc2 Rb3 44. Kxg5 Rxd3 45. f6+ Kh7 46. Kf5
Rf3+ 47. Kxe5 d3 48. Rg2 b4 49. Rb2 Rf1 50. Kd4 Rxf6 51. Kxd3 Rb6 52. Kc4 Kg6
53. Kc5 Rc6+ 54. Kd5 Re6 55. Rxb4 b6 56. Rb1 Kf6 57. Rb2 Re5+ 58. Kd4 b5 59.
Rf2+ Ke6 60. Rxf7 1/2-1/2

[Event "Campeonato de Aragon por Equipos - Division de Honor"]
[Site ""]
[Date "2022.02.12"]
[Round "3.16"]
[White "San Lazaro Lorente, David"]
[Black "Sanjulian Arruga, Pablo"]
[Result "0-1"]
[WhiteElo "1786"]
[BlackElo "1888"]
[PlyCount "0"]
[WhiteTeam "Tauste"]
[BlackTeam "MyInvestor Casablanca"]
[EventDate "2022.01.29"]

1. Nf3 Nf6 2. c4 c5 3. g3 g6 4. Bg2 Bg7 5. O-O d6 6. d3 O-O 7. Nc3 Nc6 8. a3 h6
9. Bd2 Rb8 10. Qc1 Kh7 11. Nd5 Nd7 12. Bc3 e6 13. Bxg7 Kxg7 14. Nc3 f5 15. e4
Nde5 16. Nxe5 dxe5 17. exf5 exf5 18. Bd5 Nd4 19. Rb1 b5 20. b4 cxb4 21. axb4 f4
22. Qa3 Qd7 23. gxf4 Rxf4 24. f3 a6 25. Rb2 Qa7 26. c5 Bh3 27. Re1 Nxf3+ 28.
Bxf3 Rxf3 29. Rf2 Rbf8 30. Rxf3 Rxf3 31. Ne4 Qf7 32. Qa1 Qf4 33. Qc1 Qg4+ 34.
Ng3 Rxg3+ 0-1

[Event "Campeonato de Aragon por Equipos - Division de Honor"]
[Site ""]
[Date "2022.02.12"]
[Round "3.17"]
[White "Moreno Gracia, Daniel"]
[Black "Cifuentes Parada, Roberto"]
[Result "0-1"]
[WhiteElo "2306"]
[BlackElo "2427"]
[PlyCount "0"]
[WhiteTeam "IberCaja"]
[BlackTeam "Jaque - Pirenauto"]
[EventDate "2022.01.29"]

1. c4 c6 2. e4 d5 3. exd5 Nf6 4. Nc3 cxd5 5. d4 e6 6. cxd5 Nxd5 7. Nf3 Bb4 8.
Bd2 O-O 9. Bd3 b6 10. Nxd5 Bxd2+ 11. Nxd2 exd5 12. O-O Ba6 13. Bxa6 Nxa6 14.
Qa4 Nc7 15. Rac1 Ne6 16. Nf3 Nf4 17. Qa6 Re8 18. Rfe1 Rxe1+ 19. Rxe1 Qc8 20.
Qxc8+ Rxc8 21. g3 Ne6 22. Re5 Rc1+ 23. Kg2 Nc7 24. Re2 Kf8 25. Ne5 Ne6 26. b3
g6 27. Rd2 Ke7 28. Nd3 Ra1 29. Nb4 Kd6 30. Rc2 Rd1 31. Rc6+ Kd7 32. Rc3 Rxd4
33. Nc6 Rd2 34. Ne5+ Ke8 35. Rc8+ Ke7 36. a4 Nc5 37. Ra8 Ne4 38. Rxa7+ Ke6 39.
Nd7 Rxf2+ 40. Kg1 Rb2 41. Nxb6 Rxb3 42. Nc8 d4 43. Re7+ Kd5 44. a5 d3 45. Rd7+
Kc6 46. Rd4 d2 47. Ne7+ Kc5 48. Rd5+ Kc4 0-1

[Event "Campeonato de Aragon por Equipos - Division de Honor"]
[Site ""]
[Date "2022.02.12"]
[Round "3.18"]
[White "Escartin Lacasa, Jose"]
[Black "Lopez Gracia, Fernando"]
[Result "1/2-1/2"]
[WhiteElo "2315"]
[BlackElo "2281"]
[PlyCount "0"]
[WhiteTeam "Jaque - Pirenauto"]
[BlackTeam "IberCaja"]
[EventDate "2022.01.29"]

1. d4 Nf6 2. Nf3 e6 3. g3 b6 4. Bg2 Bb7 5. c4 Be7 6. Nc3 Ne4 7. Bd2 Nxd2 8.
Qxd2 d6 9. Qc2 Nd7 10. O-O Qc8 11. e4 O-O 12. Rad1 c5 13. d5 e5 14. Ne1 a6 15.
a4 Qc7 16. f4 exf4 17. gxf4 Bf6 18. Nf3 Rae8 19. Rfe1 g6 20. Re2 Bg7 21. Rde1
Bc8 22. Qd3 Nf6 23. e5 Nh5 24. exd6 Qd8 25. Re7 Bf6 26. Qe4 Ng7 27. Qe2 Bf5 28.
Rxe8 Rxe8 29. Qd2 Rxe1+ 30. Qxe1 Qxd6 31. Qd2 Nh5 32. Ne2 Bd7 33. b3 Bd8 34.
Ne5 Bc7 35. Nxd7 Qxd7 36. Qe3 Qg4 37. a5 bxa5 38. h3 Qh4 39. Qxc5 Qe1+ 40. Kh2
Nxf4 41. Qxc7 Nxe2 42. Qb8+ Kg7 43. Qe5+ f6 44. Qe3 h5 45. d6 h4 46. d7 Qd1 47.
d8=R Qxd8 48. Qxe2 Qd6+ 49. Kh1 Qb4 50. Qd1 a4 51. bxa4 Qxc4 52. Kh2 Qf4+ 53.
Kh1 a5 54. Qd7+ Kh6 55. Qg4 Qc1+ 56. Kh2 Qc7+ 57. Kg1 Qc5+ 58. Kf1 Qc1+ 59. Ke2
Qc2+ 60. Ke1 Qc3+ 61. Kf2 Qc5+ 62. Kf3 Qc3+ 63. Ke2 Qc2+ 64. Ke1 Qc3+ 65. Kd1
Qd3+ 66. Ke1 Qc3+ 1/2-1/2

[Event "Campeonato de Aragon por Equipos - Division de Honor"]
[Site ""]
[Date "2022.02.12"]
[Round "3.19"]
[White "Martinez Cebolla, Alberto"]
[Black "Ereza Vizcarra, Fernando"]
[Result "1-0"]
[WhiteElo "2059"]
[BlackElo "2117"]
[PlyCount "0"]
[WhiteTeam "IberCaja"]
[BlackTeam "Jaque - Pirenauto"]
[EventDate "2022.01.29"]


1. e4 d6 2. d4 Nf6 3. Nc3 e5 4. Nf3 Nbd7 5. Rg1 c6 6. g4 Qa5 7. Qe2 g6 8. g5
Nh5 9. Be3 b5 10. Qd2 Bg7 11. a3 a6 12. dxe5 dxe5 13. Qd6 Bb7 14. Bh3 O-O-O 15.
Nxe5 Bxe5 16. Qxe5 Qc7 17. Qxc7+ Kxc7 18. O-O-O Rhe8 19. Bg4 Nf8 20. Rxd8 Rxd8
21. Rd1 Rxd1+ 22. Kxd1 Ng7 23. Ke2 Nge6 24. b4 Kd6 25. f4 Nd7 26. e5+ Ke7 27.
Ne4 c5 28. Nf6 cxb4 29. axb4 Nxf6 30. gxf6+ Ke8 31. Bf3 Nd8 32. Bxb7 Nxb7 33.
Kd3 Kd7 34. c4 Nd8 35. cxb5 axb5 36. Ke4 Nc6 37. Bc5 Ke6 38. h4 h6 39. Bf8 h5
40. Bd6 Kd7 41. f5 Nd8 42. fxg6 fxg6 43. Kd5 1-0

[Event "Campeonato de Aragon por Equipos - Division de Honor"]
[Site ""]
[Date "2022.02.12"]
[Round "3.20"]
[White "Carrasquer Alonso, Luis"]
[Black "Torcal Miguel, Oscar"]
[Result "0-1"]
[WhiteElo "1822"]
[BlackElo "2037"]
[PlyCount "0"]
[WhiteTeam "Jaque - Pirenauto"]
[BlackTeam "IberCaja"]
[EventDate "2022.01.29"]

1. e4 c5 2. d3 g6 3. Be2 Bg7 4. c3 Nc6 5. Nf3 d5 6. O-O e5 7. Nbd2 Nge7 8. Qc2
h6 9. a3 Be6 10. Rd1 Rc8 11. Nf1 O-O 12. Qd2 d4 13. cxd4 cxd4 14. b4 b5 15. Rb1
Qd6 16. Qe1 f5 17. Ng3 Kh7 18. Nd2 f4 19. Ngf1 h5 20. Nf3 Bh6 21. h4 Ng8 22.
N1d2 Nf6 23. Nh2 Nd7 24. Bf3 Nb6 25. Bb2 Qe7 26. g3 Na4 27. Ba1 Nc3 28. Rbc1
Nxd1 29. Qxd1 Nb8 30. Kf1 Rxc1 31. Qxc1 fxg3 32. fxg3 Bg4 33. Ke2 Qf7 34. Nxg4
hxg4 35. Bxg4 Qf2+ 36. Kd1 Qg1+ 37. Kc2 Qxc1+ 38. Kxc1 Rf1+ 39. Bd1 Rf2 40. Bb3
Bxd2+ 41. Kd1 Be3 42. Ke1 Rg2 43. Bd1 Ra2 0-1

[Event "Campeonato de Aragon por Equipos - Division de Honor"]
[Site ""]
[Date "2022.02.12"]
[Round "3.21"]
[White "Villuendas Valero, Adrian"]
[Black "Aranaz Murillo, Amalia"]
[Result "1/2-1/2"]
[WhiteElo "2271"]
[BlackElo "2233"]
[PlyCount "0"]
[WhiteTeam "El Olivar"]
[BlackTeam "Palacio De Pioneros B"]
[EventDate "2022.01.29"]

1. e4 d5 2. exd5 Qxd5 3. Nc3 Qd8 4. Bc4 Nf6 5. Nf3 g6 6. Ne5 e6 7. d4 Bg7 8.
Bg5 Nbd7 9. Qe2 Nb6 10. Ne4 h6 11. Bb5+ c6 12. Bxf6 Bxf6 13. Bxc6+ Kf8 14. Nxf6
Qxf6 15. Qf3 Qxf3 16. Bxf3 Kg7 17. O-O-O Rd8 18. c3 Rb8 19. b3 Bd7 20. Kb2 Be8
21. Rhe1 Nd5 22. Bxd5 Rxd5 23. Nd3 Rbd8 24. Re5 R5d6 25. Rde1 Bc6 26. f3 b6 27.
Nb4 Bb7 28. Nc2 Bc8 29. c4 f6 30. R5e3 Kf7 31. Kc3 Bb7 32. a4 a5 33. Rd1 g5 34.
Na3 Bc6 35. Nb5 Bxb5 36. axb5 Rc8 37. b4 Ra8 38. Kb3 axb4 39. Re2 Rd7 40. Ra2
Rxa2 41. Kxa2 e5 42. d5 Ke7 43. Kb3 Ra7 44. d6+ Kd7 45. Kxb4 Ra2 46. Kb3 Ra5
47. Rd2 Ra1 48. Kb2 Ra4 49. Kb3 Ra1 50. Kc3 Ra4 51. Rd1 Ra3+ 52. Kb4 Ra2 53.
Kb3 Ra5 54. g4 Ra8 55. c5 bxc5 56. Kc4 Ra2 57. Kxc5 Rc2+ 58. Kd5 Rb2 59. Ke4
Rxb5 60. Kf5 e4+ 61. Kxf6 exf3 62. Kg6 Rb6 63. Kf5 Rb2 64. Rf1 f2 65. Ke5 Rd2
66. Ke4 Kxd6 67. Ke3 Ra2 68. Rxf2 Rxf2 69. Kxf2 Kd5 70. Ke3 Ke5 71. h3 Kd5
1/2-1/2

[Event "Campeonato de Aragon por Equipos - Division de Honor"]
[Site ""]
[Date "2022.02.12"]
[Round "3.22"]
[White "Sacristan Latorre, Alberto"]
[Black "Hernando Garcia, Antonio"]
[Result "1-0"]
[WhiteElo "2107"]
[BlackElo "2133"]
[PlyCount "0"]
[WhiteTeam "Palacio De Pioneros B"]
[BlackTeam "El Olivar"]
[EventDate "2022.01.29"]

1. e4 d5 2. exd5 Qxd5 3. Nc3 Qd8 4. d4 c6 5. Bc4 Nf6 6. Nf3 Bf5 7. Ne5 e6 8. g4
Be4 9. Nxe4 Nxe4 10. Qe2 Nd6 11. Bd3 Nd7 12. Bd2 Be7 13. O-O-O Nxe5 14. dxe5
Nc8 15. f4 Qd4 16. Rhf1 Nb6 17. f5 Na4 18. c3 Qb6 19. Be3 Bc5 20. Bxc5 Nxc5 21.
fxe6 Nxe6 22. Bc4 O-O 23. Rd7 Rae8 24. Qf3 Qc5 25. b3 b5 26. Bxe6 fxe6 27. Rf7
a5 28. Kc2 h6 29. c4 b4 30. a3 Rd8 31. Rxf8+ Rxf8 32. Qxf8+ Qxf8 33. Rxf8+ Kxf8
34. axb4 axb4 35. c5 Kf7 36. Kd3 Kg6 37. Kc4 Kg5 38. Kxb4 Kf4 39. Kc4 Kxe5 40.
b4 Kf4 41. b5 cxb5+ 42. Kxb5 Kxg4 43. c6 Kh3 44. c7 Kxh2 45. c8=Q h5 46. Qxe6
h4 47. Qe2+ Kh3 48. Kc4 g5 49. Kd3 g4 50. Ke3 Kg3 51. Qf2+ Kh3 52. Qg1 1-0

[Event "Campeonato de Aragon por Equipos - Division de Honor"]
[Site ""]
[Date "2022.02.12"]
[Round "3.23"]
[White "Galstyan, David"]
[Black "Zambrana Petisme, Ramiro"]
[Result "1/2-1/2"]
[WhiteElo "1859"]
[BlackElo "2106"]
[PlyCount "0"]
[WhiteTeam "El Olivar"]
[BlackTeam "Palacio De Pioneros B"]
[EventDate "2022.01.29"]

1. e4 c5 2. Nc3 Nc6 3. f4 g6 4. Nf3 Bg7 5. Bb5 Nd4 6. O-O a6 7. Bd3 d6 8. Nxd4
cxd4 9. Ne2 Nf6 10. Kh1 Qb6 11. b3 Bg4 12. Bb2 Nxe4 13. Bxe4 d3 14. Bxd3 Bxb2
15. Rb1 Bf6 16. f5 Qa5 17. Qe1 Bxf5 18. Bxf5 gxf5 19. Ng3 Bh4 20. Qe3 Bxg3 21.
hxg3 Rg8 22. Qf3 Qxd2 23. Qxb7 Qh6+ 24. Kg1 Qe3+ 25. Kh1 Qe4 26. Qxe4 fxe4 27.
Rbe1 d5 28. c4 e6 29. cxd5 exd5 30. Rf5 Rd8 31. Rd1 Rxg3 32. Rdxd5 Rxd5 33.
Rxd5 Rg4 34. Kg1 Ke7 35. Kf2 Rg6 36. Re5+ Re6 37. Rh5 h6 38. Ke3 Kd6 39. Ra5
Kc7 40. Rf5 f6 41. Rf4 Rc6 42. Kxe4 Rc2 43. Rxf6 Rxg2 44. Rxa6 Kb7 45. Rxh6
Rxa2 46. Kd4 Rb2 47. Kc4 Rg2 48. b4 Rg4+ 49. Kb5 Rg5+ 50. Ka4 Rf5 51. Rg6 Rh5
52. Kb3 Rh4 53. Ka4 Rh5 54. b5 Rh1 55. Ka5 Ra1+ 56. Kb4 Rb1+ 57. Ka5 Ra1+ 58.
Kb4 Rb1+ 59. Ka5 1/2-1/2

[Event "Campeonato de Aragon por Equipos - Division de Honor"]
[Site ""]
[Date "2022.02.12"]
[Round "3.24"]
[White "Colom Sienes, Eduardo"]
[Black "Munoz Valles, Jorge"]
[Result "1-0"]
[WhiteElo "2081"]
[BlackElo "1851"]
[PlyCount "0"]
[WhiteTeam "Palacio De Pioneros B"]
[BlackTeam "El Olivar"]
[EventDate "2022.01.29"]

1. e4 d6 2. d4 Nf6 3. Nc3 e5 4. Nf3 Nbd7 5. Bc4 Be7 6. Bxf7+ Kxf7 7. Ng5+ Kg8
8. Ne6 Qe8 9. Nxc7 Qg6 10. O-O Rb8 11. f4 Nxe4 12. N3d5 Bd8 13. fxe5 dxe5 14.
Qd3 Nf8 15. Qc4 Ne6 16. Nxe6 Bxe6 17. Qc7 Bxd5 18. Qxb8 Qd6 19. Qxd6 Nxd6 20.
dxe5 Bb6+ 21. Kh1 Ne4 22. Bf4 Nf2+ 23. Rxf2 Bxf2 24. Rd1 Kf7 25. Rxd5 Ke7 26.
Rd1 Bc5 27. g4 h5 28. gxh5 Rxh5 29. Kg2 g5 30. Bg3 Ke6 31. Kf3 Rh7 32. Kg4 Rg7
33. Rd8 Be7 34. Rd3 Bc5 35. Rf3 a6 36. Rf6+ Ke7 37. Kf5 Bd4 38. b3 Bc3 39. Rb6
Ke8 40. Rg6 Rf7+ 41. Kxg5 Bd2+ 42. Kg4 Rc7 43. Rg8+ Kf7 44. e6+ Kxg8 45. Bxc7
Kf8 46. Bd6+ Ke8 47. Kf5 Be1 48. Kg4 1-0

[Event "Campeonato de Aragon por Equipos - Division de Honor"]
[Site ""]
[Date "2022.02.12"]
[Round "3.25"]
[White "Remiro Juste, Fernando Jose"]
[Black "Salamero Pelay, Fernando"]
[Result "1-0"]
[WhiteElo "2209"]
[BlackElo "2076"]
[PlyCount "0"]
[WhiteTeam "Agrupacion"]
[BlackTeam "Atletismo Huesca"]
[EventDate "2022.01.29"]

1. d4 f5 2. Bg5 g6 3. e4 fxe4 4. Nc3 c6 5. Qe2 Qa5 6. Bd2 Bh6 7. Bxh6 Nxh6 8.
Qxe4 Qf5 9. Qh4 Nf7 10. O-O-O Qg5+ 11. Qxg5 Nxg5 12. f4 Nf7 13. Re1 b6 14. g3
Kd8 15. h4 d6 16. Nf3 Na6 17. Ng5 Ke8 18. Nce4 Nc7 19. Nf6+ Kf8 20. Ngxh7+ 1-0